Word Ladder: Kanye Album Quiz Stats

 Plays Quiz Updated Jul 6, 2019

Score 0/30 Timer 04:00
5 Plays Today
Hint 4-Letter Word % Correct
Kevin ____ (Comedian)HART
96.1%
Not on timeLATE
94.5%
♬ Blame ____--GAME--
94.3%
Great ____ (dog breed)DANE
93.9%
A corridorHALL
93.8%
Opposite of firstLAST
93.7%
To stop suddenlyHALT
93.5%
Kanye's surnameWEST
93.5%
IdenticalSAME
93.4%
♬ ____ of a Life ♬--HELL--
93.2%
♬ Who ____ Survive in America ♬--WILL--
93.2%
Bruce BannerHULK
93.2%
Not mentally illSANE
92.7%
Male cattleBULL
92.2%
Small missile thrown at a target DART
92.1%
Hint 4-Letter Word % Correct
Barrier that opens a fence or wallGATE
92.1%
Hill of sandDUNE
91.8%
Item to be rungBELL
91.2%
Main body of a shipHULL
91%
A good-looking guyHUNK
90.4%
♬ ____ in the World ♬--LOST--
90.2%
Animal manureDUNG
89.2%
Chanted a tuneSUNG
89.1%
CapsizedSUNK
89%
To become limp, like a flowerWILT
87.8%
To shoot a futuristic weaponLASE
87.7%
Annoying personPEST
87.4%
Bruise after being whippedWELT
86.9%
Upright part of a fencePOST
86.4%
♬ ____ Fantasy ♬--DARK--
84.6%

Today's Daily Dose

You're not logged in!

Compare scores with friends on all Sporcle quizzes.
OR
Log In

Sporcle TV

Today on Sporcle TV


Watch our educational content, quiz creation guides, and fun videos on Sporcle TV.

Show Comments

Extras

Top Quizzes Today


Score Distribution

Your Account Isn't Verified!

In order to create a playlist on Sporcle, you need to verify the email address you used during registration. Go to your Sporcle Settings to finish the process.

Report this User

Report this user for behavior that violates our Community Guidelines.

Details: